Nomeie um País da Europa A-Z - Statistics

Estatísticas Gerais
  • Esse quiz foi jogado 995 vezes
  • A pontuação média é 15 de 18
Estatísticas das Respostas
Letra País % Correto
A Alemanha / Áustria / Albânia / Andorra
99%
B Bélgica / Bulgária / Bósnia e Herzegovina / Bielorrússia
96%
F França / Finlândia
96%
E Espanha / Eslováquia / Eslovénia / Estônia
94%
D Dinamarca
93%
P Países Baixos / Polônia / Portugal
90%
L Letónia / Lituânia / Luxemburgo / Liechtenstein
88%
R Reino Unido / República Checa / Romênia / Rússia
88%
I Itália / Irlanda / Islândia
87%
M Macedónia do Norte / Malta / Moldávia / Montenegro / Mônaco
87%
S San Marino / Suécia / Suíça / Sérvia
83%
K Kosovo
81%
C Croácia
77%
V Vaticano
73%
U Ucrânia
71%
G Grécia
70%
N Noruega
67%
H Hungria
65%
Nenhum quiz correspondente encontrado
Distribuição das Pontuações
Porcentagem de Pessoas com Cada Pontuação
Percentil de Números Respondidos
Sua Pontuação Histórica
Você não jogou esse quiz